| 000 | 01170cam a22001934a 4500 | ||
|---|---|---|---|
| 005 | 20250605163932.0 | ||
| 008 | 250528s ||||||||||||||||||||||||d | ||
| 035 | _a14744 | ||
| 020 | _a262620200 | ||
| 040 |
_aGR-AtMCL _bgre _dGR-AtMCL _eAACR2 |
||
| 245 | 1 | _aHistory and Class Consciousness / Studies in Marxist Dialectics | |
| 260 |
_bThe MIT Press, _c1968 |
||
| 300 | _a360 | ||
| 520 | _aIn this book the writer reveals himself as by far and away the most talented philosopher among 20th-century Marxists, and as their most penetrating critic of contemporary culture. Translator's Note, Preface, What is Orthodox Marxism?, The Marxism of Rosa Luxemburg, Class Consciousness, Reification and the Consciousness of the Proletariat, The Phenomenon of Reification, The Antinomies of Bourgeois Thought, The Standpoint of the Proletariat, The Changing Function of Historical Materialism, Legality and Illegality, Critical Observations on Rosa Luxemburg's ''Critique of the Russian Revolution'', Towards a Methodology of the Problem of Organization, Notes to the English Edition, Index. | ||
| 700 | 1 |
_aLukacs Georg _9498 |
|
| 942 | _cBK | ||
| 999 |
_c364 _d364 |
||